Biotechnology in agriculture and forestry ed by Y P S Bajaj (Record no. 1209234)
[ view plain ]
| 000 -LEADER | |
|---|---|
| fixed length control field | 01025nam a2200277Ia 4500 |
| 003 - CONTROL NUMBER IDENTIFIER | |
| control field | OSt |
| 005 - DATE AND TIME OF LATEST TRANSACTION | |
| control field | 20221007121720.0 |
| 008 - FIXED-LENGTH DATA ELEMENTS--GENERAL INFORMATION | |
| fixed length control field | 221006b |||||||| |||| 00| 0 eng d |
| 020 ## - INTERNATIONAL STANDARD BOOK NUMBER | |
| International Standard Book Number | 3540605479 (Berlin:hbd) |
| 037 ## - SOURCE OF ACQUISITION | |
| Terms of availability | Textual |
| 040 ## - CATALOGING SOURCE | |
| Original cataloging agency | BDL |
| Transcribing agency | BDL |
| Language of cataloging | eng |
| 041 ## - LANGUAGE CODE | |
| Source of code | eng |
| Language code of text/sound track or separate title | eng |
| 100 ## - MAIN ENTRY--PERSONAL NAME | |
| Personal name | Bajaj Y P S Ed |
| 245 #0 - TITLE STATEMENT | |
| Title | Biotechnology in agriculture and forestry ed by Y P S Bajaj |
| 260 ## - PUBLICATION, DISTRIBUTION, ETC. | |
| Place of publication, distribution, etc. | Berlin |
| Name of publisher, distributor, etc. | Springer-Verlag |
| Date of publication, distribution, etc. | 1996 |
| 490 ## - SERIES STATEMENT | |
| Volume/sequential designation | V 35. Trees IV (xix,427p+164 fig+89 tab). This volume has bibliographical reference 421-423p and index 425-427p |
| 500 ## - GENERAL NOTE | |
| General note | 23/CSL/Carb/98-99/6505^d1998-07-27^mPurchase; ; 98-99/306^b1998-11-02^c083/98-99^d1998-10-28^eApple Books; ; 1998-11-12^c1998-12-18^r1999-03-09 |
| 650 ## - SUBJECT ADDED ENTRY--TOPICAL TERM | |
| Topical term or geographic name entry element | Biotechnology |
| 650 ## - SUBJECT ADDED ENTRY--TOPICAL TERM | |
| Topical term or geographic name entry element | Agriculture |
| 942 ## - ADDED ENTRY ELEMENTS (KOHA) | |
| Classification part | J:(G:F)un1,N86, N6 |
| Koha item type | Textual |
| Source of classification or shelving scheme | Colon Classification (CC) |
| Withdrawn status | Lost status | Source of classification or shelving scheme | Damaged status | Not for loan | Home library | Current library | Date acquired | Source of acquisition | Serial Enumeration / chronology | Total Checkouts | Full call number | Barcode | Date last seen | Price effective from | Koha item type |
|---|---|---|---|---|---|---|---|---|---|---|---|---|---|---|---|
| Colon Classification (CC) | Department of Botany Library | Department of Botany Library | 2022-10-07 | Apple, | V 35. Trees IV (xix,427p+164 fig+89 tab). This volume has bibliographical reference 421-423p and index 425-427p | J:(G:F)un1,N86 N6 | BD0004602 | 2022-10-07 | 2022-10-07 | Textual |
